| Tag |
First Indicator |
Second Indicator |
Subfields |
| LEADER |
00000cam a2200000 a 4500 |
| 001 |
in00002183021 |
| 006 |
m e d # |
| 007 |
cr mn mmmmabba |
| 008 |
831121s1790 riu s 000 0 eng d |
| 005 |
20260331161502.1 |
| 035 |
|
|
|z w009585
|
| 035 |
|
|
|a MAAR8311212502B
|
| 035 |
|
|
|9 mwa91-5465
|
| 035 |
|
|
|a 349246
|
| 035 |
|
|
|a aas03009585
|
| 040 |
|
|
|a MWA
|c MWA
|e bdrb
|d UtOrBLW
|
| 100 |
1 |
|
|a Wilder, John,
|d 1758-1836.
|
| 245 |
1 |
4 |
|a The blessedness of departed saints :
|b A discourse, delivered the next Sabbath after the interment of Deacon Ebenezer Lane, who died May 12, 1790, in the 78th year of his age. /
|c By John Wilder, A.M. Pastor of the First Church in Attleborough. ; Published by the request of the mourners. ; [Two lines from Luke].
|
| 264 |
|
1 |
|a Printed at Providence :
|b By B. Wheeler, in Westminster-Street,
|c [1790]
|
| 300 |
|
|
|a 30 pages ;
|c 20 cm. (octavo)
|
| 336 |
|
|
|a text
|b txt
|2 rdacontent
|
| 337 |
|
|
|a computer
|b c
|2 rdamedia
|
| 338 |
|
|
|a online resource
|b cr
|2 rdacarrier
|
| 500 |
|
|
|a Half-title: Mr. Wilder's sermon on the death of Deacon Lane.
|
| 500 |
|
|
|a Printer's monogram device on title page.
|
| 510 |
4 |
|
|a Evans
|c 23084
|
| 510 |
4 |
|
|a Alden, J.E. Rhode Island,
|c 1234
|
| 530 |
|
|
|a Microform version available in the Readex Early American Imprints series.
|
| 533 |
|
|
|a Electronic text and image data.
|b [Chester, Vt. :
|c Readex, a division of Newsbank, Inc.,
|d 2002-2004.
|e Includes files in TIFF, GIF and PDF formats with inclusion of keyword searchable text.
|f (Early American imprints. First series ; no. 23084).
|
| 500 |
|
|
|a Electronic resource.
|
| 600 |
1 |
0 |
|a Lane, Ebenezer,
|d 1711 or 1712-1790.
|
| 655 |
|
7 |
|a Funeral sermons
|y 1790.
|2 rbgenr
|
| 752 |
|
|
|a United States
|b Rhode Island
|d Providence.
|
| 830 |
|
0 |
|a Early American imprints.
|n Series I,
|p Evans (1639-1800) ;
|v no. 23084.
|
| 856 |
4 |
1 |
|u http://proxy.library.tamu.edu/login?url=https://opac.newsbank.com/select/evans/23084
|y Evans Digital Edition
|t 0
|
| 999 |
|
|
|a MARS
|
| 999 |
f |
f |
|s dd6dfdbb-d4b2-3179-8a9e-4cdf79fd7091
|i d2e9c582-53bd-3e8d-8497-61149a5723e6
|t 0
|
| 952 |
f |
f |
|a Texas A&M University
|b College Station
|c Electronic Resources
|s www_evans
|d Available Online
|t 0
|h No information provided
|
| 998 |
f |
f |
|t 0
|l Available Online
|